| 000 | 02506nam0a2200385 4500 | ||
|---|---|---|---|
| 001 | RU\NLR\BIBL_A\012699451 | ||
| 005 | 20250624122205.0 | ||
| 035 | _a(NLR Aleph) 012699451 | ||
| 090 |
_a12873378 _c12873378 |
||
| 100 | _a20220202d1912 |||y0rusy50 ca | ||
| 101 | 0 | _arus | |
| 102 | _aRU | ||
| 105 | _ay g 000 y | ||
| 181 | 0 |
_ai _baxxe |
|
| 182 | 0 | _an | |
| 200 | 1 |
_aПрейсъ-Курантъ бемскихъ матовыхъ [и] узорчатыхъ оконныхъ стеколъ и зеркалъ _fТорговый Домъ "Бр. И. и Л. Славины" в Одессе |
|
| 203 |
_aТекст _bвизуальный _cнепосредственный |
||
| 210 |
_aОдесса _cТипография Гурвица и Оргеевского _d[1912] |
||
| 215 |
_a43 с. _d17 |
||
| 300 | _aДата издания по году поступления в ИПБ | ||
| 300 | _aНа доп. тит. л. (с. 7) заглавие: ЦѢна Бемскаго стекла Одинарной толщины, размерами от 1-го до 9-го разряда включительно, цена показана за один лист : прейсъ-курантъ Торгового Дома "Бр. И. и. Л. Славины" в Одессе | ||
| 300 | _aВ колонтитуле заглавие: Торговый Домъ "Бр. И. и Л. Славины", Одесса | ||
| 327 | 1 | _aРекламные объявления: с. 14-20 | |
| 513 | 1 | _aЦена Бемского стекла Одинарной толщины, размерами от 1-го до 9-го разряда включительно, цена показана за один лист : прейскурант Торгового Дома "Бр. И. и. Л. Славины" в Одессе | |
| 515 | 1 | _aТорговый Дом "Братья И. и Л. Славины", Одесса | |
| 518 | 1 |
_aПрейскурант бемских матовых и узорчатых оконных стекол и зеркал _zrus |
|
| 606 | 1 |
_aСтекло оконное _xЦены _yРоссия _jПрейскуранты |
|
| 606 | 1 |
_aЗеркала _jПрейскуранты _91300358 _3RU\NLR\AUTH\66221121 |
|
| 686 | 1 | _aЛ431.1к4 | |
| 710 | 0 | 2 |
_a"Славины, И. Л., братья", торговый дом _cОдесса _9787949 _3RU\NLR\AUTH\880560359 |
| 852 |
_aNLR _j43.13.9.667 |
||
| 942 | _cBOOK | ||
| 980 | _aNB | ||